00923nam a2200241 i 450000100060000000300090000600500170001500700030003200800410003510000260007624500770010226000390017930000200021849000390023850500520027765000550032965000540038470000380043883000440047685200220052099900170054295201220055937381ES-MaACL20250809195001.0t|030220s1970 sp ||||1| spa d1 aButor, Michel.93295410aSobre literatura. n3 / cMichel Butor ; [traducción de Carlos Pujol]. aBarcelona : bSeix Barral, c1970. a1 v. ; c20 cm.1 aBiblioteca Breve. aEnsayo ; v2941 a3. Repertorio, estudios y conferencias (443 p.) 4aLiteratura-yS.XIX-xHistoria y crítica.9142386 4aLiteratura-yS.XX-xHistoria y crítica.91398291 aPujol, Carlos, d1936-20129943321 aBiblioteca breve. aEnsayov2949181348 aES-MaACLjC-39911 c37381d37381 00104070aATENEOMbATENEOMcDEPO2d2008-01-17eSCl0oC-39911p1039340r2023-02-23 00:00:00w2023-02-23yMONOGRAFIA